[Event "Canadian-ch op"]
[Site "Hamilton"]
[Date "2022.07.13"]
[Round "1"]
[White "Samsonkin, Artiom"]
[Black "Drkulec, Vladimir"]
[Result "1/2-1/2"]
[WhiteElo "2434"]
[BlackElo "1847"]
[PlyCount "82"]
[EventDate "2022.07.12"]
[EventType "swiss"]
[EventRounds "9"]
[EventCountry "CAN"]
[SourceTitle "CBM 209 Extra"]
[Source "ChessBase"]
[SourceDate "2022.09.30"]
[SourceVersion "1"]
[SourceVersionDate "2022.09.30"]
[SourceQuality "1"]

1. d4 Nf6 2. Bf4 d5 3. Nf3 c5 4. e3 Nc6 5. c3 Qb6 6. Qc2 cxd4 7. exd4 Bf5 8. Qb3 e6 9. Ne5 Be7 10. Qxb6 axb6 11. Bb5 Rc8 12. Nd2 0-0 13. f3 Na7 14. Be2 h6 15. g4 Bh7 16. Kf2 Rfd8 17. h4 Nd7 18. Nxd7 Rxd7 19. a4 Bd6 20. Be3 Nc6 21. f4 f6 22. Bf3 Bc7 23. Rhd1 Bc2 24. Rdc1 Bd3 25. c4 Rcd8 26. cxd5 exd5 27. Ra3 Bg6 28. Rac3 Bb8 29. Rb3 Bf7 30. Rb5 Kf8 31. Rc3 Bc7 32. Rc1 Re7 33. Nb1 Rde8 34. Rc3 Rd8 35. Na3 Red7 36. Nc2 Ra8 37. Ra3 Bd6 38. Ra1 Ra6 39. Bxd5 Bxf4 40. Bxf4 Bxd5 41. Nb4 Nxb4 1/2-1/2

[Event "Canadian op U2200"]
[Site "Sault Ste Marie"]
[Date "2017.07.11"]
[Round "2"]
[White "Drkulec, Vladimir"]
[Black "Shah, Omaray M"]
[Result "1/2-1/2"]
[WhiteElo "2000"]
[BlackElo "1879"]
[PlyCount "119"]
[EventDate "2017.07.11"]
[EventType "swiss"]
[EventRounds "9"]
[EventCountry "CAN"]
[SourceTitle "EXT 2022"]
[Source "ChessBase"]
[SourceDate "2021.10.06"]
[SourceVersion "1"]
[SourceVersionDate "2021.10.06"]
[SourceQuality "1"]

1. Nf3 Nf6 2. g3 b6 3. Bg2 Bb7 4. b3 c5 5. c4 e6 6. 0-0 Be7 7. Bb2 0-0 8. d4 cxd4 9. Bxd4 d6 10. Nc3 Nc6 11. Be3 Ng4 12. Bd2 Nb8 13. Qc2 Nf6 14. Rfd1 a6 15. Bf4 Qc7 16. Rac1 Nbd7 17. h3 Rac8 18. e4 Rfd8 19. Qe2 Qb8 20. g4 Qa8 21. Bxd6 Bxd6 22. Rxd6 Nxe4 23. Nxe4 Bxe4 24. Rcd1 Nc5 25. Ne1 Bxg2 26. Nxg2 Qb8 27. Qd2 Nb7 28. Rd3 Rxd3 29. Qxd3 Rd8 30. Qe2 Rd6 31. Ne3 Qd8 32. Qf3 Rxd1+ 33. Nxd1 Qd7 34. Nc3 Kf8 35. Kf1 Ke7 36. Ke2 Nc5 37. Qe3 Qd6 38. b4 Nd7 39. a3 Qe5 40. f4 Qxe3+ 41. Kxe3 Kd6 42. Ne4+ Ke7 43. Kd4 h6 44. a4 f5 45. Nf2 g5 46. gxf5 exf5 47. c5 bxc5+ 48. bxc5 Ke6 49. c6 Nb6 50. a5 Nc8 51. fxg5 hxg5 52. Nd3 Kd6 53. Nb4 Ne7 54. c7 Kxc7 55. Nxa6+ Kd6 56. Nb4 Nc6+ 57. Nxc6 Kxc6 58. Ke5 f4 59. Ke4 Kb5 60. h4 1/2-1/2

[Event "CAN-ch Seniors 50+"]
[Site "Kitchener"]
[Date "2015.08.03"]
[Round "6"]
[White "Drkulec, Vladimir"]
[Black "Gashgarian, Robert"]
[Result "1-0"]
[WhiteElo "1939"]
[BlackElo "1765"]
[PlyCount "109"]
[EventDate "2015.07.31"]
[EventType "swiss"]
[EventRounds "7"]
[EventCountry "CAN"]
[SourceTitle "EXT 2022"]
[Source "ChessBase"]
[SourceDate "2021.10.06"]
[SourceVersion "1"]
[SourceVersionDate "2021.10.06"]
[SourceQuality "1"]

1. d4 Nf6 2. c4 d6 3. Nf3 Nbd7 4. g3 c6 5. Bg2 Qc7 6. 0-0 e5 7. Nc3 Be7 8. b3 0-0 9. Qc2 Re8 10. Bb2 Bf8 11. e4 exd4 12. Nxd4 Qa5 13. h3 g6 14. Rad1 Qc7 15. Rfe1 a5 16. Re2 Nc5 17. a3 Nh5 18. Na2 Bd7 19. Nc1 Rad8 20. Qd2 Bc8 21. g4 Ng7 22. Qe1 h5 23. f3 hxg4 24. hxg4 Qb6 25. Bc3 Nce6 26. Kf1 Qa6 27. Bxa5 Rd7 28. a4 Nf4 29. Re3 d5 30. Bc3 dxc4 31. Kg1 Red8 32. Rd2 Bc5 33. Nc2 Rxd2 34. Bxd2 cxb3 35. Nxb3 Bxe3+ 36. Qxe3 Nxg2 37. Kxg2 Qd3 38. Qb6 Ne6 39. Ne1 Qe2+ 40. Qf2 Qd1 41. Qe3 c5 42. Ba5 Re8 43. Nxc5 Nxc5 44. Qxc5 Qxa4 45. Bc3 Qa2+ 46. Kg3 Qe6 47. Nd3 Rd8 48. Nf4 Qd6 49. Qg5 Qc6 50. Bf6 Rd1 51. Qh4 Rg1+ 52. Kh2 Rh1+ 53. Kxh1 Qc1+ 54. Kg2 Qd2+ 55. Kh3 1-0

[Event "CAN-ch Seniors 50+"]
[Site "Kitchener"]
[Date "2015.08.02"]
[Round "5"]
[White "Chernik, Dmitry"]
[Black "Drkulec, Vladimir"]
[Result "1-0"]
[WhiteElo "2079"]
[BlackElo "1939"]
[PlyCount "79"]
[EventDate "2015.07.31"]
[EventType "swiss"]
[EventRounds "7"]
[EventCountry "CAN"]
[SourceTitle "EXT 2022"]
[Source "ChessBase"]
[SourceDate "2021.10.06"]
[SourceVersion "1"]
[SourceVersionDate "2021.10.06"]
[SourceQuality "1"]

1. e4 c5 2. Nc3 Nc6 3. f4 d6 4. Nf3 g6 5. Bb5 Bg7 6. 0-0 Nf6 7. d3 0-0 8. Qe1 e6 9. Bxc6 bxc6 10. e5 Ne8 11. Ne4 c4 12. dxc4 d5 13. cxd5 exd5 14. Nc5 Qb6 15. Qf2 Bg4 16. Be3 Qxb2 17. Nd3 Qc3 18. Bc5 Bf5 19. Bb4 Qc4 20. Bxf8 Bxf8 21. Qd2 Ng7 22. Nb2 Bc5+ 23. Kh1 Qb5 24. Nd3 Bb6 25. a4 Qc4 26. a5 Bc7 27. Rfb1 Ne6 28. Rb4 Qa6 29. Nd4 Bxd3 30. Qxd3 Qxd3 31. cxd3 Nxf4 32. Nxc6 Nxd3 33. Rb7 Bxe5 34. Nxe5 Nxe5 35. Rd1 Rc8 36. h3 Rc5 37. Rxa7 Nc4 38. a6 Ra5 39. Rf1 f6 40. Rb1 1-0

[Event "CAN-ch"]
[Site "Guelph"]
[Date "2015.07.13"]
[Round "6"]
[White "Drkulec, Vladimir"]
[Black "Zhong, Joey"]
[Result "0-1"]
[WhiteElo "1908"]
[BlackElo "1897"]
[PlyCount "112"]
[EventDate "2015.07.10"]
[EventType "swiss"]
[EventRounds "9"]
[EventCountry "CAN"]
[SourceTitle "CBM 167 Extra"]
[Source "ChessBase"]
[SourceDate "2015.09.14"]
[SourceVersion "1"]
[SourceVersionDate "2015.09.14"]
[SourceQuality "1"]

1. d4 Nf6 2. c4 c5 3. d5 e6 4. Nc3 exd5 5. cxd5 d6 6. e4 g6 7. f4 Bg7 8. Bb5+ Nfd7 9. a4 0-0 10. Nf3 Na6 11. 0-0 Nb4 12. a5 a6 13. Bc4 Re8 14. Re1 b5 15. axb6 Nxb6 16. Bf1 Bg4 17. Be3 f5 18. e5 dxe5 19. Bxc5 Nd7 20. Bf2 Bxf3 21. gxf3 Rb8 22. d6 Kh8 23. fxe5 Nxe5 24. f4 Ng4 25. Rxe8+ Qxe8 26. Bd4 Nc6 27. Bxg7+ Kxg7 28. Qd2 Rb4 29. d7 Qd8 30. Ra4 Qb6+ 31. Kh1 Rxb2 32. Nd5 Rxd2 33. Nxb6 Rxh2+ 34. Kg1 Rd2 35. Bg2 Rd1+ 36. Bf1 Nb8 37. Ra3 Nxd7 38. Nxd7 Rxd7 39. Bxa6 Rd4 40. Rf3 Kf6 41. Kg2 Re4 42. Kg3 Re3 43. Bc4 Rxf3+ 44. Kxf3 h6 45. Bb3 Ke7 46. Ba2 Nf6 47. Ke3 Ne4 48. Bb1 Nd6 49. Ba2 Kf6 50. Bd5 Nc8 51. Bc6 g5 52. fxg5+ hxg5 53. Bf3 Nb6 54. Bd1 Ke5 55. Kf3 Nc8 56. Kg3 Ne7 0-1

[Event "CAN-ch"]
[Site "Guelph"]
[Date "2015.07.12"]
[Round "5"]
[White "Drkulec, Vladimir"]
[Black "Piccinin, Mario"]
[Result "1-0"]
[WhiteElo "1908"]
[BlackElo "1810"]
[PlyCount "67"]
[EventDate "2015.07.10"]
[EventType "swiss"]
[EventRounds "9"]
[EventCountry "CAN"]
[SourceTitle "CBM 167 Extra"]
[Source "ChessBase"]
[SourceDate "2015.09.14"]
[SourceVersion "1"]
[SourceVersionDate "2015.09.14"]
[SourceQuality "1"]

1. d4 f5 2. Nf3 Nf6 3. c4 d6 4. Nc3 g6 5. h4 h6 6. Qc2 Nc6 7. d5 Ne5 8. e4 Bg7 9. Nxe5 dxe5 10. exf5 Bxf5 11. Bd3 Qd7 12. f3 Bxd3 13. Qxd3 Qf5 14. Ne4 Nxe4 15. fxe4 Qg4 16. Qf3 Qxf3 17. gxf3 Rf8 18. Ke2 0-0-0 19. h5 g5 20. Be3 Rf7 21. a4 Rdf8 22. Rhf1 a6 23. b4 Rf6 24. b5 c6 25. dxc6 axb5 26. cxb7+ Kxb7 27. axb5 R8f7 28. c5 Bf8 29. c6+ Kb8 30. Rfc1 e6 31. b6 Bd6 32. Rd1 Be7 33. b7 Rf8 34. Rd7 1-0

[Event "Canadian op U2400"]
[Site "Montreal"]
[Date "2014.07.24"]
[Round "7"]
[White "Robichaud, Louis"]
[Black "Drkulec, Vladimir"]
[Result "1/2-1/2"]
[WhiteElo "2075"]
[BlackElo "1922"]
[PlyCount "162"]
[EventDate "2014.07.19"]
[EventType "swiss"]
[EventRounds "9"]
[EventCountry "CAN"]
[SourceTitle "EXT 2022"]
[Source "ChessBase"]
[SourceDate "2021.10.06"]
[SourceVersion "1"]
[SourceVersionDate "2021.10.06"]
[SourceQuality "1"]

1. e4 c5 2. Nc3 g6 3. g3 Bg7 4. Bg2 Nc6 5. d3 Nf6 6. f4 0-0 7. Nf3 d6 8. 0-0 e6 9. h3 Rb8 10. Be3 b6 11. d4 Ba6 12. Re1 Nxd4 13. Nxd4 cxd4 14. Bxd4 Rc8 15. Qf3 Bb7 16. Rad1 Qe7 17. Qf2 Bc6 18. Nd5 Nxd5 19. Bxg7 Kxg7 20. exd5 Ba8 21. c3 Rfd8 22. dxe6 fxe6 23. Bxa8 Rxa8 24. Re2 d5 25. Rde1 Rd6 26. Qd4+ Kf7 27. Re5 Qc7 28. f5 Qc5 29. fxg6+ hxg6 30. Rf1+ Ke7 31. Rf4 Qxd4+ 32. cxd4 Rc6 33. Rg5 Rg8 34. h4 Rcc8 35. Rfg4 Kf6 36. Rf4+ Ke7 37. Kf2 Rc2+ 38. Kf3 Rxb2 39. h5 Rxa2 40. hxg6 Rg7 41. Kg4 Rh2 42. Rf1 Rh6 43. Ra1 Kd6 44. Rxa7 Rgxg6 45. Rxg6 Rxg6+ 46. Kf4 Rg8 47. Rb7 Kc6 48. Re7 Rg6 49. g4 b5 50. g5 b4 51. Rh7 Kb5 52. Rh6 Rg8 53. Rxe6 Kc4 54. Rb6 b3 55. g6 Kc3 56. Ke5 b2 57. Rc6+ Kd3 58. Rb6 Kc2 59. Rc6+ Kd3 60. Rb6 Rxg6 61. Rxb2 Rg5+ 62. Kf4 Rh5 63. Rb4 Kc3 64. Ra4 Kb3 65. Ra8 Kc3 66. Ra4 Kb3 67. Ra8 Kb4 68. Rc8 Kb5 69. Rc5+ Kb6 70. Kg4 Rh6 71. Rxd5 Kc6 72. Ra5 Kd7 73. Kg5 Rd6 74. d5 Rb6 75. Kf5 Rh6 76. Ke5 Rg6 77. Ra7+ Kd8 78. Kd4 Rh6 79. Ke5 Rg6 80. Rf7 Rh6 81. Rf6 Rxf6 1/2-1/2

[Event "Kitchener Riedstra Memorial"]
[Site "Kitchener"]
[Date "2012.03.10"]
[Round "2"]
[White "Posaratnanathan, Juliaan"]
[Black "Drkulec, Vladimir"]
[Result "1-0"]
[WhiteElo "1926"]
[BlackElo "2071"]
[PlyCount "101"]
[EventDate "2012.03.09"]
[EventType "swiss"]
[EventRounds "5"]
[EventCountry "CAN"]
[SourceTitle "EXT 2022"]
[Source "ChessBase"]
[SourceDate "2021.10.06"]
[SourceVersion "1"]
[SourceVersionDate "2021.10.06"]
[SourceQuality "1"]

1. e4 c5 2. Nf3 d6 3. d4 cxd4 4. Nxd4 a6 5. c4 g6 6. Nc3 Bg7 7. Be3 Nf6 8. Be2 0-0 9. 0-0 Nc6 10. f3 Bd7 11. Qd2 Rc8 12. Nxc6 Bxc6 13. Nd5 b5 14. Bb6 Qd7 15. Bd4 Nxd5 16. cxd5 Bb7 17. Bxg7 Kxg7 18. Rfc1 Rxc1+ 19. Rxc1 Rc8 20. Rc3 f6 21. Qc1 Rxc3 22. Qxc3 Qd8 23. Kf2 Qb6+ 24. Qe3 Qc5 25. Qxc5 dxc5 26. a4 bxa4 27. Ke3 Kf7 28. Kd3 a5 29. Kc3 f5 30. Bb5 fxe4 31. fxe4 Kf6 32. Kc4 Ke5 33. Kxc5 a3 34. bxa3 Bc8 35. Bc6 Ba6 36. Kb6 Bd3 37. Kxa5 Bxe4 38. Kb6 Kd6 39. a4 Bd3 40. a5 Bf1 41. Bb5 Bxg2 42. Bc4 e6 43. dxe6 g5 44. a6 h5 45. Bb5 h4 46. e7 Kxe7 47. Bc6 h3 48. a7 Bxc6 49. Kxc6 g4 50. Kc7 g3 51. hxg3 1-0

[Event "Canadian op 48th"]
[Site "Toronto"]
[Date "2011.07.15"]
[Round "7"]
[White "Meszaros, Michal"]
[Black "Drkulec, Vladimir"]
[Result "0-1"]
[WhiteElo "2418"]
[BlackElo "2002"]
[PlyCount "100"]
[EventDate "2011.07.09"]
[EventType "swiss"]
[EventRounds "9"]
[EventCountry "CAN"]
[SourceTitle "CBM 143 Extra"]
[Source "ChessBase"]
[SourceDate "2011.08.29"]
[SourceVersion "1"]
[SourceVersionDate "2011.08.29"]
[SourceQuality "1"]

1. e4 e5 2. Nf3 Nc6 3. Bb5 a6 4. Ba4 Nf6 5. 0-0 b5 6. Bb3 Be7 7. d3 0-0 8. a4 b4 9. Nbd2 d6 10. a5 Be6 11. Nc4 Bg4 12. c3 bxc3 13. bxc3 Rb8 14. Ba4 Na7 15. Ne3 Nb5 16. Nxg4 Nxg4 17. Qc2 Nf6 18. Bb3 c5 19. Bd2 Nh5 20. g3 g6 21. Bc4 Kh8 22. Bh6 Ng7 23. Qd2 f6 24. h4 Qd7 25. Kg2 Qg4 26. Nh2 Qc8 27. Rh1 f5 28. Nf3 f4 29. h5 Qg4 30. hxg6 Qxg6 31. Rh3 Nc7 32. Rah1 Nce8 33. d4 exd4 34. cxd4 cxd4 35. Bxg7+ Qxg7 36. Nxd4 Bg5 37. Qe2 Qa7 38. Qh5 Nf6 39. Qxg5 fxg3 40. Qe3 gxf2 41. Qxf2 Nh5 42. Nf5 Rxf5 43. Qxa7 Rb2+ 44. Kg1 Rb1+ 45. Bf1 Rfxf1+ 46. Kg2 Nf4+ 47. Kg3 Ne2+ 48. Kg4 Rf4+ 49. Kg5 Rb5+ 50. e5 Rxe5+ 0-1

[Event "Canadian op 48th"]
[Site "Toronto"]
[Date "2011.07.11"]
[Round "3"]
[White "Pedersen, Rick"]
[Black "Drkulec, Vladimir"]
[Result "0-1"]
[WhiteElo "1988"]
[BlackElo "2002"]
[PlyCount "150"]
[EventDate "2011.07.09"]
[EventType "swiss"]
[EventRounds "9"]
[EventCountry "CAN"]
[SourceTitle "CBM 143 Extra"]
[Source "ChessBase"]
[SourceDate "2011.08.29"]
[SourceVersion "1"]
[SourceVersionDate "2011.08.29"]
[SourceQuality "1"]

1. e4 e5 2. Nf3 Nc6 3. Bb5 a6 4. Ba4 Nf6 5. 0-0 b5 6. Bb3 Be7 7. Re1 0-0 8. d4 exd4 9. e5 Ne8 10. Bd5 Rb8 11. Bxc6 dxc6 12. Nxd4 Qd7 13. Nc3 c5 14. Nf3 Qf5 15. Nd5 Bd8 16. Be3 c6 17. Nf4 Be7 18. Nd3 c4 19. Nc5 Nc7 20. Nd4 Qg6 21. b4 cxb3 22. Ncxb3 c5 23. Nf3 Ne6 24. Qe2 Bb7 25. Red1 Rbd8 26. Rxd8 Rxd8 27. Rd1 Qe4 28. Rxd8+ Bxd8 29. Qd3 Be7 30. Qxe4 Bxe4 31. c3 Bd5 32. Kf1 Kf8 33. Ke2 Ke8 34. Ne1 Kd7 35. g3 Kc7 36. f4 g6 37. Kd2 h5 38. Bf2 Kc6 39. Nc2 Be4 40. Na5+ Kb6 41. Nb3 a5 42. Kc1 a4 43. Nd2 Bb7 44. Ne3 Ka5 45. c4 Nc7 46. cxb5 Kxb5 47. Ndc4 Ba6 48. Kb2 Kc6 49. Na5+ Kd7 50. Nac4 Bb5 51. Kc3 Ke6 52. Nb6 f6 53. Nbc4 Nd5+ 54. Nxd5 Kxd5 55. Nb6+ Ke6 56. Nc8 Bf8 57. Nd6 Bxd6 58. exd6 Kxd6 59. a3 Kd5 60. Be1 Bf1 61. Bf2 Bb5 62. Bg1 f5 63. Bf2 Ba6 64. Bg1 h4 65. Bf2 h3 66. g4 fxg4 67. Bh4 Ke4 68. Bg3 Ke3 69. Kc2 Bc4 70. Kc3 Bb3 71. Kb2 Kd2 72. Bh4 c4 73. Bg5 c3+ 74. Ka1 Kd1 75. f5 g3 0-1

[Event "Canadian op 48th"]
[Site "Toronto"]
[Date "2011.07.10"]
[Round "2"]
[White "Drkulec, Vladimir"]
[Black "Kalaydina, Regina Veronicka"]
[Result "0-1"]
[WhiteElo "2002"]
[BlackElo "1842"]
[PlyCount "114"]
[EventDate "2011.07.09"]
[EventType "swiss"]
[EventRounds "9"]
[EventCountry "CAN"]
[SourceTitle "CBM 143 Extra"]
[Source "ChessBase"]
[SourceDate "2011.08.29"]
[SourceVersion "1"]
[SourceVersionDate "2011.08.29"]
[SourceQuality "1"]

1. d4 d5 2. c4 c6 3. e3 Nf6 4. Nf3 e6 5. Nc3 Bd6 6. Qc2 Nbd7 7. Bd3 0-0 8. Bd2 dxc4 9. Bxc4 e5 10. 0-0 exd4 11. exd4 Nb6 12. Bd3 Qc7 13. h3 Bf4 14. Rad1 g6 15. a3 Nbd5 16. Rfe1 Bd7 17. Ne5 Be6 18. Ne4 Nxe4 19. Rxe4 Bxd2 20. Qxd2 Bf5 21. Rh4 Bxd3 22. Qxd3 Qd8 23. Re4 Qd6 24. Qd2 Rad8 25. Qh6 Qf6 26. Nf3 Qg7 27. Qc1 Rfe8 28. Rde1 Rxe4 29. Rxe4 Qf8 30. Qc2 Re8 31. Ne5 f6 32. Nc4 Rxe4 33. Qxe4 Qe7 34. Qxe7 Nxe7 35. Kf1 Nf5 36. Na5 Nd6 37. Ke2 Kf7 38. Kd3 Ke6 39. a4 Kd5 40. b3 b6 41. Nc4 Nf5 42. Ne3+ Nxe3 43. fxe3 f5 44. h4 a5 45. g3 h6 46. g4 fxg4 47. e4+ Ke6 48. Ke2 h5 49. Ke3 b5 50. Kf4 bxa4 51. bxa4 Kd6 52. Kg3 c5 53. dxc5+ Kxc5 54. Kf4 Kd6 55. Ke3 Ke5 56. Kd3 Kf4 57. Kd4 g3 0-1

[Event "CAN-ch"]
[Site "Guelph"]
[Date "2011.05.11"]
[Round "9"]
[White "Nicholson, Matthew"]
[Black "Drkulec, Vladimir"]
[Result "0-1"]
[WhiteElo "1928"]
[BlackElo "2027"]
[PlyCount "92"]
[EventDate "2011.05.06"]
[EventType "swiss"]
[EventRounds "9"]
[EventCountry "CAN"]
[SourceTitle "CBM 142 Extra"]
[Source "ChessBase"]
[SourceDate "2011.06.27"]
[SourceVersion "1"]
[SourceVersionDate "2011.06.27"]
[SourceQuality "1"]

1. Nf3 g6 2. e4 Bg7 3. d4 c5 4. Nc3 cxd4 5. Nxd4 Nc6 6. Be3 a6 7. Qd2 Nf6 8. f3 0-0 9. Bc4 b5 10. Bb3 Na5 11. 0-0-0 Bb7 12. g4 Rc8 13. h4 h5 14. g5 Nh7 15. f4 Nc4 16. Bxc4 Rxc4 17. f5 Be5 18. fxg6 fxg6 19. Kb1 Qa8 20. Nb3 Bxe4 21. Nxe4 Qxe4 22. Nc5 Rxc5 23. Bxc5 d6 24. Bd4 Bg3 25. Qd3 Qxd3 26. Rxd3 Bxh4 27. Be3 Bg3 28. Rhd1 Rf5 29. Rd5 Rf3 30. Bc1 h4 31. a4 e6 32. Rxd6 Bxd6 33. Rxd6 Nf8 34. axb5 axb5 35. Rd4 h3 36. Bf4 Rf1+ 37. Ka2 Rf2 38. Kb3 h2 39. Bxh2 Rxh2 40. Rb4 Rf2 41. Rxb5 Rf5 42. Kb4 e5 43. c4 e4 44. Rb7 Re5 45. Ra7 e3 46. Ra1 Ne6 0-1

[Event "CAN-ch"]
[Site "Guelph"]
[Date "2011.05.07"]
[Round "3"]
[White "Filipovich, David"]
[Black "Drkulec, Vladimir"]
[Result "1-0"]
[WhiteElo "2127"]
[BlackElo "2027"]
[PlyCount "50"]
[EventDate "2011.05.06"]
[EventType "swiss"]
[EventRounds "9"]
[EventCountry "CAN"]
[SourceTitle "CBM 142 Extra"]
[Source "ChessBase"]
[SourceDate "2011.06.27"]
[SourceVersion "1"]
[SourceVersionDate "2011.06.27"]
[SourceQuality "1"]

1. Nf3 b6 2. g3 Bb7 3. Bg2 g6 4. c4 c5 5. Nc3 Bg7 6. 0-0 e6 7. d4 a6 8. e4 cxd4 9. Nxd4 Nc6 10. Be3 Nge7 11. f4 0-0 12. g4 Na5 13. b3 e5 14. fxe5 Bxe5 15. Nd5 Nxd5 16. cxd5 Qb8 17. Nf3 Bc7 18. Bh6 Re8 19. Qd4 Re5 20. Nxe5 Bxe5 21. Qxb6 Bc7 22. Qf6 Be5 23. Qxf7+ Kh8 24. Bf4 Bxf4 25. Qxf4 Qe8 1-0

[Event "Kitchener Winter op"]
[Site "Kitchener"]
[Date "2011.03.12"]
[Round "1"]
[White "Cummings, David H"]
[Black "Drkulec, Vladimir"]
[Result "1-0"]
[WhiteElo "2360"]
[BlackElo "2023"]
[PlyCount "77"]
[EventDate "2011.03.12"]
[EventType "swiss"]
[EventRounds "5"]
[EventCountry "CAN"]
[SourceTitle "EXT 2022"]
[Source "ChessBase"]
[SourceDate "2021.10.06"]
[SourceVersion "1"]
[SourceVersionDate "2021.10.06"]
[SourceQuality "1"]

1. c4 c5 2. g3 Nf6 3. Bg2 Nc6 4. Nc3 e6 5. Nf3 d5 6. cxd5 exd5 7. d4 Be6 8. 0-0 Be7 9. dxc5 Bxc5 10. Bg5 0-0 11. Bxf6 gxf6 12. Rc1 d4 13. Ne4 Be7 14. a3 Qb6 15. Qd2 Kg7 16. Nh4 f5 17. Ng5 h6 18. Nh3 Bxh4 19. gxh4 Rg8 20. Kh1 Qd8 21. Nf4 Kh7 22. b4 a6 23. Rc5 Qxh4 24. Bxc6 bxc6 25. Qxd4 Rg4 26. e3 Rd8 27. Qa1 Rdg8 28. f3 Qxh2+ 29. Kxh2 Rh4+ 30. Nh3 f4 31. Qb1+ Kh8 32. Qb2+ Kh7 33. Qc2+ Kh8 34. Qc3+ Kh7 35. Qd3+ Kh8 36. Qd4+ Kh7 37. Qe4+ Kh8 38. Qxe6 fxe6 39. exf4 1-0

[Event "Guelph Fall ProAm"]
[Site "Guelph"]
[Date "2010.11.06"]
[Round "2"]
[White "Ferreira, Alex"]
[Black "Drkulec, Vladimir"]
[Result "1/2-1/2"]
[WhiteElo "2087"]
[BlackElo "2230"]
[PlyCount "123"]
[EventDate "2010.11.06"]
[EventType "swiss"]
[EventRounds "5"]
[EventCountry "CAN"]
[SourceTitle "EXT 2022"]
[Source "ChessBase"]
[SourceDate "2021.10.06"]
[SourceVersion "1"]
[SourceVersionDate "2021.10.06"]
[SourceQuality "1"]

1. d4 Nf6 2. Bg5 g6 3. Bxf6 exf6 4. e3 Bg7 5. Nd2 f5 6. c3 0-0 7. Qb3 d5 8. Ngf3 c6 9. c4 b6 10. cxd5 cxd5 11. 0-0-0 Be6 12. Kb1 a5 13. Bb5 Qd6 14. Rc1 Ra7 15. Rc3 Rc8 16. Rhc1 Rac7 17. Rxc7 Rxc7 18. Rc3 f4 19. exf4 Qxf4 20. Rxc7 Qxc7 21. Qc3 Bf5+ 22. Kc1 Qxc3+ 23. bxc3 Bf8 24. c4 Ba3+ 25. Kd1 Bd3 26. Ne5 dxc4 27. Ndxc4 Bxc4 28. Nxc4 Bb4 29. Ke2 Kf8 30. Nxb6 Bc3 31. Kd3 Be1 32. f3 Ke7 33. Nc4 Nd7 34. Bxd7 Kxd7 35. Ke4 f6 36. Kd5 Bb4 37. a3 Be7 38. g4 Bf8 39. h4 Be7 40. h5 Bf8 41. hxg6 hxg6 42. a4 Bb4 43. g5 Ke7 44. gxf6+ Kxf6 45. Kc6 Kf5 46. Ne5 Bc3 47. Kc5 g5 48. Nd3 g4 49. fxg4+ Kxg4 50. d5 Kf5 51. Kc6 Ke4 52. Nc5+ Kd4 53. d6 Kc4 54. Ne4 Bb4 55. Kc7 Kb3 56. d7 Be7 57. Nc5+ Kb4 58. Kc6 Bh4 59. Kd5 Bd8 60. Kd6 Bh4 61. Kc6 Be7 62. Kd5 1/2-1/2

[Event "Kitchener Oktoberfest"]
[Site "Kitchener"]
[Date "2010.10.17"]
[Round "4"]
[White "Humphreys, Michael"]
[Black "Drkulec, Vladimir"]
[Result "1-0"]
[WhiteElo "2240"]
[BlackElo "2236"]
[PlyCount "95"]
[EventDate "2010.10.15"]
[EventType "swiss"]
[EventRounds "5"]
[EventCountry "CAN"]
[SourceTitle "EXT 2022"]
[Source "ChessBase"]
[SourceDate "2021.10.06"]
[SourceVersion "1"]
[SourceVersionDate "2021.10.06"]
[SourceQuality "1"]

1. Nf3 Nf6 2. c4 g6 3. b4 Bg7 4. Bb2 0-0 5. g3 b6 6. Bg2 Bb7 7. 0-0 c5 8. a3 Qc8 9. d3 d5 10. cxd5 cxb4 11. d6 exd6 12. axb4 a6 13. Nbd2 b5 14. Nb3 Nc6 15. Qd2 Nd5 16. Bxg7 Kxg7 17. Rfc1 Qg4 18. e4 Ndxb4 19. Na5 Nxa5 20. Qxb4 Nc6 21. Rxc6 Bxc6 22. Qc3+ Kg8 23. Qxc6 Qc8 24. Qxc8 Rfxc8 25. Nd4 b4 26. e5 dxe5 27. Bxa8 Rxa8 28. Nc6 b3 29. Rb1 f6 30. Rxb3 Kf7 31. Ra3 Ke6 32. Ra5 Kd6 33. Nb4 Rb8 34. Rxa6+ Kc5 35. Nc2 Rb2 36. Ne3 f5 37. Ra5+ Kb4 38. Rxe5 Rd2 39. d4 Rd3 40. Re7 Kc3 41. Rc7+ Kxd4 42. Rd7+ Ke4 43. Rxd3 Kxd3 44. Nd5 Kd4 45. Nf6 h5 46. f4 Ke3 47. h4 Kf3 48. Kh2 1-0

[Event "Hamilton Summer op"]
[Site "Hamilton"]
[Date "2010.08.22"]
[Round "4"]
[White "Su, Stanley"]
[Black "Drkulec, Vladimir"]
[Result "1-0"]
[WhiteElo "1568"]
[BlackElo "2124"]
[PlyCount "60"]
[EventDate "2010.08.21"]
[EventType "swiss"]
[EventRounds "5"]
[EventCountry "CAN"]
[SourceTitle "EXT 2022"]
[Source "ChessBase"]
[SourceDate "2021.10.06"]
[SourceVersion "1"]
[SourceVersionDate "2021.10.06"]
[SourceQuality "1"]

1. e4 e5 2. Nf3 Nc6 3. Nc3 Nf6 4. g3 Bc5 5. Bg2 d6 6. 0-0 Bg4 7. h3 Be6 8. d3 h6 9. Na4 Bb6 10. Nxb6 axb6 11. a3 Qd7 12. Kh2 g5 13. Ng1 Ng8 14. c3 f6 15. d4 Bf7 16. f3 h5 17. b4 exd4 18. cxd4 Nxb4 19. Bxg5 fxg5 20. axb4 Rxa1 21. Qxa1 Bc4 22. Rc1 Ba6 23. d5 Rh7 24. Bf1 Bxf1 25. Rxf1 Qb5 26. Rc1 Nh6 27. Qa8+ Kd7 28. Qxb7 Ke8 29. Qc8+ Kf7 30. Rxc7+ Kg6 1-0

[Event "Hamilton Summer op"]
[Site "Hamilton"]
[Date "2010.08.21"]
[Round "1"]
[White "Drkulec, Vladimir"]
[Black "Liu, Steven2"]
[Result "1-0"]
[WhiteElo "2134"]
[BlackElo "1876"]
[PlyCount "125"]
[EventDate "2010.08.21"]
[EventType "swiss"]
[EventRounds "5"]
[EventCountry "CAN"]
[SourceTitle "EXT 2022"]
[Source "ChessBase"]
[SourceDate "2021.10.06"]
[SourceVersion "1"]
[SourceVersionDate "2021.10.06"]
[SourceQuality "1"]

1. d4 Nf6 2. c4 e6 3. g3 d5 4. Nf3 dxc4 5. Bg2 c5 6. 0-0 Nc6 7. Qa4 Bd7 8. Qxc4 cxd4 9. Nxd4 Rc8 10. Nc3 Nxd4 11. Qxd4 Bc5 12. Qh4 Bc6 13. Rd1 Qb6 14. Bxc6+ Qxc6 15. Bg5 Nd7 16. Rac1 0-0 17. Ne4 h6 18. Be3 Qb5 19. Rxd7 Qxd7 20. Nxc5 Qd5 21. Qa4 b6 22. Nd3 Rxc1+ 23. Nxc1 Rc8 24. Nd3 b5 25. Qb3 Qxb3 26. axb3 a5 27. Kf1 Kf8 28. Bb6 a4 29. Bc5+ Ke8 30. bxa4 bxa4 31. Bd4 f6 32. f4 Rc4 33. Bc5 e5 34. Ba3 e4 35. Nc5 f5 36. Kf2 g5 37. fxg5 hxg5 38. h4 gxh4 39. gxh4 Kf7 40. Ke3 Kg6 41. Kf4 Rc2 42. h5+ Kxh5 43. Kxf5 Rxe2 44. Nxe4 Rc2 45. Nc3 Rxb2 46. Bxb2 a3 47. Bxa3 Kh4 48. Kf4 Kh5 49. Nd5 Kg6 50. Nc7 Kf6 51. Bd6 Kg6 52. Be7 Kf7 53. Bg5 Kg6 54. Kg4 Kg7 55. Kf5 Kf7 56. Bf6 Kf8 57. Kg6 Kg8 58. Be7 Kh8 59. Ne6 Kg8 60. Ng5 Kh8 61. Nf7+ Kg8 62. Nh6+ Kh8 63. Bf6# 1-0

[Event "Hamilton Summer op"]
[Site "Hamilton"]
[Date "2010.08.21"]
[Round "2"]
[White "Samsonkin, Artiom"]
[Black "Drkulec, Vladimir"]
[Result "1-0"]
[WhiteElo "2606"]
[BlackElo "2134"]
[PlyCount "67"]
[EventDate "2010.08.21"]
[EventType "swiss"]
[EventRounds "5"]
[EventCountry "CAN"]
[SourceTitle "EXT 2022"]
[Source "ChessBase"]
[SourceDate "2021.10.06"]
[SourceVersion "1"]
[SourceVersionDate "2021.10.06"]
[SourceQuality "1"]

1. e4 e5 2. f4 exf4 3. Nf3 Nf6 4. e5 Ne4 5. d3 Ng5 6. Bxf4 Ne6 7. Be3 c5 8. Nc3 d6 9. exd6 Bxd6 10. d4 cxd4 11. Nxd4 0-0 12. Nf5 Bb4 13. Bd3 Nc6 14. 0-0 Ne5 15. Ne4 f6 16. Be2 Qc7 17. c3 Rd8 18. Qb3 Bf8 19. Rad1 Kh8 20. Nd4 Nc5 21. Nb5 Nxb3 22. Nxc7 Bg4 23. Nxa8 Rxa8 24. Bxg4 Nxg4 25. Bxa7 Rxa7 26. Rd8 Kg8 27. axb3 Ne5 28. Nc5 Kf7 29. Nd7 Bd6 30. Nxe5+ Bxe5 31. Rd7+ Kg6 32. b4 Ra2 33. Rb1 b6 34. Rb7 1-0